| 000 | 00541nam a2200157 a 4500 | ||
|---|---|---|---|
| 001 | 000032637 | ||
| 005 | 20200930065741.0 | ||
| 008 | 110725s1936 dr 000 0 spa d | ||
| 040 |
_aDO-SdBNP _bspa _cBNPHU |
||
| 082 |
_axxx _bJ61r |
||
| 100 | 1 |
_aJiménez Yepez, Ana Josefina _958527 |
|
| 245 | 1 | 0 |
_aResumen de la geografía de la isla de Santo Domingo y Haiti y de las Antillas en general / _cAna Josefina Jiménez Yepez. |
| 260 |
_aSantiago, República Dominicana : _bImprenta Tavares, _c1936. |
||
| 300 |
_a80 p. ; _c22 cm. |
||
| 049 | _aBNPD | ||
| 999 |
_c32128 _d32128 |
||